000 00635nam a2200253Ia 4500
003 OSt
005 20230616144211.0
008 210423s2014 xx 000 0 und d
020 _a978-81-224-3585-6
024 _cAL
040 _cAL
041 _aeng
082 _a547.59 BANH
100 _aBANSAL (Raj K)
_9102615
245 _aHeterocyclic chemistry Ed 5
250 _a5
260 _aNew Delhi
_bNew Age International
_c2014
300 _ax,561p
_bPB
365 _b399
_cINR
650 _aChemistry
_9102616
650 _aOrganic Chemistry
_9102617
906 _achemistry ; Ed ; Ed5 ; Heterocyclic
942 _2ddc
_cBK
999 _c165898
_d165898